| 000 | 01332 a2200169 4500 | ||
|---|---|---|---|
| 003 | Nust | ||
| 005 | 20221208172001.0 | ||
| 040 | _cNust | ||
| 082 | _a621.382,CUC | ||
| 100 |
_aC. Louis Cuccia _9104494 |
||
| 245 |
_aHarmonics sidebands and transients in communication engineering / _cC. Louis Cuccia |
||
| 260 |
_aNew York _bMc Graw-Hill _c1952 |
||
| 300 | _a465p | ||
| 505 | _aElementary Functions Of A Complex Variable (Page-1), Periodic Wave Analysis (Page-24), Nonperiodic Waves (Page-44), The Laplace Transform (Page-56), Complex Waves In Radio, TV And Radar (Page-71), Linear Network Analysis (Page-93), Harmonic Distortion (Page-123), Gaseous-Rectifier-Tube Circuits (Page-156), Harmonics And Transients In Amplifiers (Page-187), Integrating, Differentiating And Scanning Systems For TV (Page-204), Reactance Tubes, Frequency Stabilization And Phase Synchronization (Page-213), Modulation System In Electrical Comm. (Page-230), Amplitude Modulated Waves (Page-241), Single Tone Frequency Modulation (Page-255), Single Tone Phase Modulation (Page-271), Spectral Analysis Of Finite Wave Trains (Page-318), Wave Transmission Through Linear Networks (Page-344), Travelling Waves In Communication Sys (Page-374), Reception In Electrical Comm. (Page-419). | ||
| 650 |
_aTelecommunications engineering, _958485 |
||
| 942 |
_2ddc _cBK |
||
| 999 |
_c182524 _d182524 |
||